| 000 | 01107naa a22002537i 4500 | ||
|---|---|---|---|
| 001 | 232437 | ||
| 003 | ES-MaBCM | ||
| 005 | 20260226142418.0 | ||
| 008 | 260223s2024 sp ||||| ||||o00| 0 spa d | ||
| 040 | _cES-MaBCM | ||
| 100 | 1 |
_aAguilera Benavente, Francisco _9120531 |
|
| 245 | 0 | 0 |
_aHacia una caracterización de los patrones y procesos de transformación de las áreas metropolitanas españolas = _bTowards an urban growth patterns and processes characterization in Spanish metropolitan areas _cFrancisco Aguilera-Benavente, Cristian Andrés Vergara-Fernández, José Antonio Cuesta-Grande |
| 500 | _aContiene tablas | ||
| 500 | _aContiene gráficos | ||
| 504 | _aIncluye referencias bibliográficas | ||
| 504 | _aIncluye bibliografía | ||
| 650 | 7 |
_aMetrópoli _957923 |
|
| 650 | 7 |
_aSociología urbana _960317 |
|
| 651 | 4 |
_aEspaña _9115342 |
|
| 700 | 1 |
_aVergara Fernandez, Cristian Andres _9131178 |
|
| 700 | 1 |
_aCuesta Grande, José Antonio _9131179 |
|
| 773 | 0 |
_dMadrid _gN. 221 (otoño 2024), 20 p. - Loc. En línea _tCiudad y territorio : estudios territoriales _w105070 |
|
| 942 |
_2udc _cAREV |
||
| 999 |
_c232437 _d232437 |
||